000 00664nas a2200229 4500
001 BR8904357
003 BR-BrBNA
005 20231205091705.0
007 ta
008 230509b bl.|||p| |||| 00| 00por d
040 _aBR-BrBNA
_bpor
_cBiblioteca Nacional de Agricultura
041 _a(Pt)
072 _aL53
100 1 _aHunter, R.H.F.
245 1 _aO periodo de capacitacao dos espermatozoides dos mamiferos
650 _aESPERMATOZOIDE
650 _aMAMIFERO
650 _aMATURACAO
773 0 _tGado Holandes (Brazil)
_xISSN 0101-7977
_g(May 1989), v. 54(162) p. 47-48
_wBR8904357
909 _a202311
_bLúcia
_c55
_dLúcia Elande
942 _2AGRIS
_n0
_cANA
999 _c126710
_d126710